Selección de equipos y materiales en las instalaciones eléctricas de baja tensión en el entorno de edificios de viviendas, industrias, oficinas y locales de pública concurrencia: UF1333 (Registro nro. 11949)
[ vista simple ]
| 000 -CABECERA | |
|---|---|
| campo de control de longitud fija | 01876nam a22005537a 4500 |
| 005 - FECHA Y HORA DE ACTUALIZACIÓN | |
| campo de control | 20190528191816.0 |
| 008 - LONGITUD FIJA | |
| campo de control de longitud fija | 190528b xxu||||| |||| 00| 0 spa d |
| 020 ## - INTERNATIONAL STANDARD BOOK NUMBER | |
| Número Internacional Estándar del Libro | 9788428396677 |
| 041 ## - IDIOMA | |
| Código de idioma del texto/pista de sonido o título separado | |
| 082 ## - CLASIFICACIÓN DECIMAL DEWEY | |
| Número de clasificación | 621.319.25 D568s |
| 100 ## - AUTOR PERSONAL | |
| Nombre de persona | Diez Suárez, Ana María |
| 100 ## - AUTOR PERSONAL | |
| Nombre de persona | González Martínez, Alberto |
| 100 ## - AUTOR PERSONAL | |
| Nombre de persona | Puente Gil, Álvaro |
| 100 ## - AUTOR PERSONAL | |
| Nombre de persona | Simón Martín, Miguel de |
| 100 ## - AUTOR PERSONAL | |
| Nombre de persona | Vega Barrallo, Beatriz |
| 245 ## - TÍTULO PROPIAMENTE DICHO | |
| Título | Selección de equipos y materiales en las instalaciones eléctricas de baja tensión en el entorno de edificios de viviendas, industrias, oficinas y locales de pública concurrencia: UF1333 |
| 260 ## - PIE DE IMPRENTA | |
| Lugar de publicación, distribución, etc. | España |
| 260 ## - PIE DE IMPRENTA | |
| Nombre del editor, distribuidor, etc. | Paraninfo |
| 260 ## - PIE DE IMPRENTA | |
| Fecha de publicación, distribución, etc. | 2017 |
| 300 ## - DESCRIPCIÓN FÍSICA | |
| Extensión | 169 páginas |
| 650 ## - Materia General | |
| Materia general | INSTALACIONES ELÉCTRICAS |
| 650 ## - Materia General | |
| Materia general | CIRCUITOS ELÉCTRICOS |
| 650 ## - Materia General | |
| Materia general | RECEPTORES ELÉCTRICOS |
| 650 ## - Materia General | |
| Materia general | ELEMENTOS DE MANDO |
| 650 ## - Materia General | |
| Materia general | ELEMENTOS DE PROTECCIÓN |
| 650 ## - Materia General | |
| Materia general | INTERRUPTORES |
| 650 ## - Materia General | |
| Materia general | CONTACTORES |
| 650 ## - Materia General | |
| Materia general | FUSIBLES |
| 650 ## - Materia General | |
| Materia general | RELÉS |
| 650 ## - Materia General | |
| Materia general | SOBRECARGAS |
| 650 ## - Materia General | |
| Materia general | CORTOCIRCUITOS |
| 650 ## - Materia General | |
| Materia general | NIVELES DE AISLAMIENTO |
| 650 ## - Materia General | |
| Materia general | CONDICIONES AMBIENTALES |
| 650 ## - Materia General | |
| Materia general | EQUIPOS DE MEDIDA |
| 650 ## - Materia General | |
| Materia general | LÍNEAS AÉREAS |
| 650 ## - Materia General | |
| Materia general | LÍNEAS SUBTERRÁNEAS |
| 650 ## - Materia General | |
| Materia general | LÍNEAS DE BAJA TENSIÓN |
| 650 ## - Materia General | |
| Materia general | ACOMETIDAS |
| 650 ## - Materia General | |
| Materia general | LÍNEAS DE ALIMENTACIÓN |
| 650 ## - Materia General | |
| Materia general | CONDUCTORES ELÉCTRICOS |
| 650 ## - Materia General | |
| Materia general | TOMAS DE CORRIENTE |
| 650 ## - Materia General | |
| Materia general | ILUMINACIÓN |
| 650 ## - Materia General | |
| Materia general | LUMINARIAS |
| 650 ## - Materia General | |
| Materia general | TRANSFORMADORES |
| 650 ## - Materia General | |
| Materia general | PLANOS ELÉCTRICOS |
| 650 ## - Materia General | |
| Materia general | UNIDADES DE OBRA |
| 650 ## - Materia General | |
| Materia general | PRESUPUESTO |
| 942 ## - Punto de Acceso Adicional Koha | |
| Tipo de ítem Koha | Libro |
| Estado perdido | Estado dañado | No para préstamo | Biblioteca permanente | Biblioteca actual | Signatura completa | Código de barras | Precio efectivo a partir del | Tipo de ítem |
|---|---|---|---|---|---|---|---|---|
| Departamento de Biblioteca y Documentación Alfonso Chase Brenes | Departamento de Biblioteca y Documentación Alfonso Chase Brenes | 621.319.25 D568s | 24336 | 28/05/2019 | Libro |